The Political Economy of Regional Cooperation in the Middle East / (Record no. 16541)
[ view plain ]
| 000 -LEADER | |
|---|---|
| fixed length control field | 01684cam a2200361 a 4500 |
| 001 - CONTROL NUMBER | |
| control field | 3560064 |
| 005 - DATE AND TIME OF LATEST TRANSACTION | |
| control field | 20060807190533.0 |
| 008 - FIXED-LENGTH DATA ELEMENTS--GENERAL INFORMATION | |
| fixed length control field | 980325s1998 enka b 001 0 eng |
| 010 ## - LIBRARY OF CONGRESS CONTROL NUMBER | |
| LC control number | 98017666 |
| 020 ## - INTERNATIONAL STANDARD BOOK NUMBER | |
| International Standard Book Number | 0415194458 |
| 040 ## - CATALOGING SOURCE | |
| Original cataloging agency | DLC |
| Transcribing agency | DLC |
| Modifying agency | DLC |
| 043 ## - GEOGRAPHIC AREA CODE | |
| Geographic area code | aw----- |
| 050 00 - LIBRARY OF CONGRESS CALL NUMBER | |
| Classification number | HC415.15 |
| Item number | .C37 1998 |
| 082 00 - DEWEY DECIMAL CLASSIFICATION NUMBER | |
| Classification number | 337.56 |
| Edition number | 21 |
| Item number | CAR |
| 100 1# - MAIN ENTRY--PERSONAL NAME | |
| Personal name | Carkoglu, Ali, |
| Dates associated with a name | 1963- |
| 9 (RLIN) | 29199 |
| 245 14 - TITLE STATEMENT | |
| Title | The Political Economy of Regional Cooperation in the Middle East / |
| Statement of responsibility, etc | Ali Carkoglu, Mine Eder and Kemal Kirisci. |
| 260 ## - PUBLICATION, DISTRIBUTION, ETC. (IMPRINT) | |
| Place of publication, distribution, etc | London ; |
| -- | New York : |
| Name of publisher, distributor, etc | Routledge, |
| Date of publication, distribution, etc | 1998. |
| 300 ## - PHYSICAL DESCRIPTION | |
| Extent | x, 268 p. : |
| Other physical details | ill. ; |
| Dimensions | 24 cm. |
| 440 #0 - | |
| -- | Routledge advances in international relations and politics ; |
| -- | 3 |
| -- | 29200 |
| 504 ## - BIBLIOGRAPHY, ETC. NOTE | |
| Bibliography, etc | Includes bibliographical references (p. [236]-[251]) and index. |
| 650 #0 - SUBJECT ADDED ENTRY--TOPICAL TERM | |
| Topical term or geographic name as entry element | Arab cooperation. |
| 9 (RLIN) | 29201 |
| 651 #0 - SUBJECT ADDED ENTRY--GEOGRAPHIC NAME | |
| Geographic name | Middle East |
| General subdivision | Economic integration. |
| 9 (RLIN) | 29202 |
| 651 #0 - SUBJECT ADDED ENTRY--GEOGRAPHIC NAME | |
| Geographic name | Middle East |
| General subdivision | Economic conditions |
| Chronological subdivision | 1979- |
| 9 (RLIN) | 29203 |
| 651 #0 - SUBJECT ADDED ENTRY--GEOGRAPHIC NAME | |
| Geographic name | Middle East |
| General subdivision | Foreign economic relations. |
| 9 (RLIN) | 29204 |
| 653 ## - INDEX TERM--UNCONTROLLED | |
| Resource For college | |
| -- | |
| Arrived date list | March2012 |
| 700 1# - ADDED ENTRY--PERSONAL NAME | |
| Personal name | Eder, Mine, |
| Dates associated with a name | 1965- |
| 9 (RLIN) | 29205 |
| 700 1# - ADDED ENTRY--PERSONAL NAME | |
| Personal name | Kirisci, Kemal, |
| Dates associated with a name | 1954- |
| 9 (RLIN) | 29206 |
| 942 ## - ADDED ENTRY ELEMENTS (KOHA) | |
| Source of classification or shelving scheme | Dewey Decimal Classification |
| Item type | Book - Borrowing |
| Withdrawn status | Item status | Source of classification or shelving scheme | Damaged status | Not for loan | Vendor | Home library | Current library | Shelving location | Date acquired | Source of acquisition | Total Checkouts | Full call number | Barcode | Date last seen | Date last borrowed | Koha item type | Total Renewals |
|---|---|---|---|---|---|---|---|---|---|---|---|---|---|---|---|---|---|
| Dewey Decimal Classification | Baccah | Central Library | Central Library | First floor | 05/03/2012 | 2 | 337.56 CAR | 000026301 | 15/07/2025 | 15/01/2014 | NB - Book (Non borrowing) | ||||||
| Dewey Decimal Classification | Baccah | Central Library | Central Library | First floor | 05/03/2012 | 2 | 337.56 CAR | 000026305 | 15/07/2025 | 27/10/2014 | Book - Borrowing | ||||||
| Dewey Decimal Classification | Baccah | Central Library | Central Library | First floor | 05/03/2012 | 2 | 337.56 CAR | 000026306 | 15/07/2025 | 24/09/2014 | Book - Borrowing | 4 |